[Event "Carballo Concello 4th"]
[Site "Carballo"]
[Date "2021.09.07"]
[Round "8"]
[White "Arauz Alonso, Fernando"]
[Black "Gukesh, Dommaraju"]
[Result "0-1"]
[WhiteElo "2132"]
[BlackElo "2599"]
[PlyCount "108"]
[EventDate "2021.09.01"]
[EventType "swiss"]
[EventRounds "9"]
[EventCountry "ESP"]
[SourceTitle "EXT 2022"]
[Source "ChessBase"]
[SourceDate "2021.10.06"]
[SourceVersion "1"]
[SourceVersionDate "2021.10.06"]
[SourceQuality "1"]

1. d4 d5 2. c4 e6 3. Nc3 Bb4 4. cxd5 exd5 5. Bf4 Ne7 6. e3 Bf5 7. g4 Be4 8. f3 Bg6 9. h4 h5 10. Bd3 Qd7 11. g5 0-0 12. Nge2 Re8 13. Bxg6 Nxg6 14. Qd3 c5 15. 0-0-0 c4 16. Qc2 Nc6 17. Ng3 Bxc3 18. bxc3 Nxf4 19. exf4 g6 20. f5 Qd6 21. fxg6 fxg6 22. Rde1 Kg7 23. Qh2 Kh8 24. Ne2 Qxh2 25. Rxh2 Re3 26. f4 Ne7 27. Kd2 Nf5 28. Nc1 Rae8 29. Rxe3 Re7 30. Re4 Rxe4 31. a4 Re3 32. Na2 b6 33. Nc1 a5 34. Rh1 Kg7 35. Rh2 Kf7 36. Rh1 Ke6 37. Rh2 Kd6 38. Rf2 Kc6 39. Re2 Rxe2+ 40. Nxe2 Nxh4 41. Ng3 Kd6 42. Ke3 Ke6 43. Kf2 Nf5 44. Nf1 b5 45. axb5 a4 46. b6 Kd6 47. b7 Kc7 48. Ne3 Nxe3 49. Kxe3 a3 50. f5 a2 51. fxg6 a1Q 52. g7 Qxc3+ 53. Ke2 Qd3+ 54. Ke1 Qg6 0-1

[Event "Carballo Concello 4th"]
[Site "Carballo"]
[Date "2021.09.05"]
[Round "6"]
[White "Arauz Alonso, Fernando"]
[Black "Fernandez Ramos, Iago"]
[Result "1-0"]
[WhiteElo "2132"]
[BlackElo "1625"]
[PlyCount "57"]
[EventDate "2021.09.01"]
[EventType "swiss"]
[EventRounds "9"]
[EventCountry "ESP"]
[SourceTitle "EXT 2022"]
[Source "ChessBase"]
[SourceDate "2021.10.06"]
[SourceVersion "1"]
[SourceVersionDate "2021.10.06"]
[SourceQuality "1"]

1. d4 d5 2. c4 e6 3. Nc3 f5 4. Bf4 c6 5. e3 Nf6 6. Nf3 Bd6 7. Bd3 0-0 8. 0-0 Ne4 9. Qc2 Qc7 10. Ne2 Nd7 11. b4 a6 12. b5 Rf6 13. bxc6 bxc6 14. cxd5 exd5 15. Rfc1 Bb7 16. Rab1 Rb8 17. Rb2 h6 18. Rcb1 Rf7 19. Ne5 Nxe5 20. dxe5 Bxe5 21. Bxa6 Bxf4 22. Nxf4 Qc8 23. h3 Rc7 24. a4 Nd6 25. Qc3 Nb5 26. axb5 cxb5 27. Bxb7 Rbxb7 28. Qe5 Rc5 29. Qe6+ 1-0

[Event "Madrid San Viator op-A 29th"]
[Site "Madrid"]
[Date "2017.10.08"]
[Round "4"]
[White "Campos Tores, Jose Luis"]
[Black "Arauz Alonso, Fernando"]
[Result "0-1"]
[WhiteElo "1879"]
[BlackElo "2140"]
[PlyCount "68"]
[EventDate "2017.09.17"]
[EventType "swiss"]
[EventRounds "9"]
[EventCountry "ESP"]
[SourceTitle "EXT 2019"]
[Source "ChessBase"]
[SourceDate "2018.10.10"]
[SourceVersion "1"]
[SourceVersionDate "2018.10.10"]
[SourceQuality "1"]

1. d4 c6 2. c4 d5 3. Nf3 Nf6 4. Nc3 dxc4 5. a4 Bf5 6. e3 e6 7. Bxc4 Bb4 8. 0-0 0-0 9. Nh4 Bg4 10. f3 Bh5 11. g4 Bg6 12. Nxg6 hxg6 13. Qe2 Nbd7 14. Bd2 e5 15. Ba2 exd4 16. exd4 Qb6 17. Be3 Rae8 18. Kg2 Qa5 19. Qd3 Nb6 20. Ne4 Nbd5 21. Bg5 Be7 22. Bd2 Bb4 23. Bg5 Be7 24. Bd2 Qc7 25. Ng5 Bd6 26. Rh1 Bf4 27. Rae1 Rxe1 28. Rxe1 Bxh2 29. Ne4 Bf4 30. Ng5 Rc8 31. Kf1 Bxg5 32. Bxg5 Qg3 33. Re5 Nxg4 34. Qe2 Nh2+ 0-1

[Event "Madrid San Viator op-A 29th"]
[Site "Madrid"]
[Date "2017.09.24"]
[Round "2"]
[White "Arauz Alonso, Fernando"]
[Black "Sanchez Gomez, Emiliano"]
[Result "1-0"]
[WhiteElo "2140"]
[BlackElo "1742"]
[PlyCount "79"]
[EventDate "2017.09.17"]
[EventType "swiss"]
[EventRounds "9"]
[EventCountry "ESP"]
[SourceTitle "EXT 2019"]
[Source "ChessBase"]
[SourceDate "2018.10.10"]
[SourceVersion "1"]
[SourceVersionDate "2018.10.10"]
[SourceQuality "1"]

1. d4 Nf6 2. c4 g6 3. Nc3 d5 4. cxd5 Nxd5 5. e4 Nxc3 6. bxc3 Bg7 7. Nf3 c5 8. Be2 Qa5 9. 0-0 0-0 10. Rb1 Nc6 11. Rb5 Qxa2 12. Rxc5 Na5 13. Bg5 b6 14. Rc7 f6 15. Be3 Qe6 16. Qd2 Qd6 17. Bf4 e5 18. dxe5 Qxd2 19. Nxd2 fxe5 20. Bg3 Be6 21. Nf3 Rfc8 22. Re7 Re8 23. Rxe8+ Rxe8 24. Nxe5 Rc8 25. Rd1 Bb3 26. Rd7 Rxc3 27. Rd8+ Bf8 28. h4 Be6 29. Bg4 Bxg4 30. Nxg4 Kf7 31. Rd7+ Ke6 32. Rxa7 Bc5 33. Bf4 h5 34. Ne3 Nc4 35. Nd5 Rc2 36. Nc7+ Kf6 37. Ne8+ Ke6 38. Ng7+ Kf6 39. e5+ Nxe5 40. Bg5# 1-0

[Event "Madrid-ch final"]
[Site "Madrid"]
[Date "2013.05.31"]
[Round "1.2"]
[White "Arauz Alonso, Fernando"]
[Black "Almagro Llamas, Pablo"]
[Result "0-1"]
[WhiteElo "2084"]
[BlackElo "2442"]
[PlyCount "84"]
[EventDate "2013.05.30"]
[EventType "k.o."]
[EventRounds "4"]
[EventCountry "ESP"]
[SourceTitle "EXT 2014"]
[Source "ChessBase"]
[SourceDate "2013.11.20"]
[SourceVersion "1"]
[SourceVersionDate "2013.11.20"]
[SourceQuality "1"]

1. d4 Nf6 2. c4 c5 3. Nf3 e6 4. Nc3 cxd4 5. Nxd4 Bb4 6. Ndb5 a6 7. Nd6+ Ke7 8. Nxc8+ Qxc8 9. Qb3 Nc6 10. Bg5 Qc7 11. a3 Ba5 12. e3 Qe5 13. Bxf6+ gxf6 14. Be2 Bxc3+ 15. Qxc3 Qxc3+ 16. bxc3 Rhc8 17. Rb1 Na5 18. Kd2 Rc5 19. Rb4 Rac8 20. Rhb1 R8c7 21. g3 Kd8 22. Bd3 h6 23. h4 Kc8 24. f4 f5 25. Be2 Nxc4+ 26. Bxc4 Rxc4 27. R1b3 Rxb4 28. cxb4 d5 29. h5 Kd7 30. Rb1 Rc8 31. Kd3 Kd6 32. Rg1 Rg8 33. Kc3 f6 34. Kd3 e5 35. Rg2 e4+ 36. Kc3 Rc8+ 37. Kb2 d4 38. exd4 Kd5 39. g4 fxg4 40. Rxg4 e3 41. Rg7 Re8 42. Rd7+ Kc6 0-1

[Event "Madrid-ch sf-A"]
[Site "Madrid"]
[Date "2013.04.02"]
[Round "8"]
[White "Arauz Alonso, Fernando"]
[Black "Lopez de Turiso, Jose Angel"]
[Result "1/2-1/2"]
[WhiteElo "2084"]
[BlackElo "2066"]
[PlyCount "40"]
[EventDate "2013.03.11"]
[EventType "swiss"]
[EventRounds "9"]
[EventCountry "ESP"]
[SourceTitle "CBM 153 Extra"]
[Source "ChessBase"]
[SourceDate "2013.04.22"]
[SourceVersion "1"]
[SourceVersionDate "2013.04.22"]
[SourceQuality "1"]

1. d4 Nf6 2. c4 g6 3. Nc3 Bg7 4. e4 d6 5. Nf3 0-0 6. Be2 e5 7. dxe5 dxe5 8. Qxd8 Rxd8 9. Bg5 Re8 10. Nd5 Nxd5 11. cxd5 c6 12. Bc4 b5 13. Bb3 Bb7 14. Rd1 cxd5 15. Bxd5 Bxd5 16. Rxd5 a6 17. 0-0 f6 18. Be3 Nc6 19. Bc5 Rad8 20. Rfd1 Bf8 1/2-1/2

[Event "Madrid-ch sf-A"]
[Site "Madrid"]
[Date "2013.03.20"]
[Round "7"]
[White "Arauz Alonso, Fernando"]
[Black "De la Puerta Cresis, Javier"]
[Result "1-0"]
[WhiteElo "2084"]
[BlackElo "2019"]
[PlyCount "83"]
[EventDate "2013.03.11"]
[EventType "swiss"]
[EventRounds "9"]
[EventCountry "ESP"]
[SourceTitle "CBM 153 Extra"]
[Source "ChessBase"]
[SourceDate "2013.04.22"]
[SourceVersion "1"]
[SourceVersionDate "2013.04.22"]
[SourceQuality "1"]

1. d4 Nf6 2. Nf3 g6 3. Bf4 Bg7 4. e3 0-0 5. Nbd2 c5 6. c3 d5 7. Be2 Nc6 8. dxc5 a5 9. a4 Bg4 10. 0-0 Nd7 11. Nb3 e5 12. Bg3 e4 13. Nfd4 Bxe2 14. Qxe2 Nde5 15. Nb5 f5 16. Rad1 g5 17. Bxe5 Nxe5 18. Nd6 g4 19. Rxd5 Nf3+ 20. Kh1 Qh4 21. gxf3 exf3 22. Qc4 Kh8 23. Rxf5 Qh3 24. Rg1 Rxf5 25. Nxf5 Be5 26. Ng3 Rg8 27. Qf7 Rg5 28. Nd4 h5 29. Qf8+ Kh7 30. Qe7+ Kg6 31. Qe6+ Kh7 32. Ndf5 Bg7 33. Qe7 Rg6 34. Nxg7 Rxg7 35. Qe4+ Kh8 36. Qe8+ Rg8 37. Qe5+ Kh7 38. Qf5+ Kh6 39. Qf4+ Rg5 40. Qf6+ Rg6 41. Nf5+ Kh7 42. Qf7+ 1-0

[Event "Collado Villalba op 28th"]
[Site "Collado Villalba"]
[Date "2011.08.24"]
[Round "2"]
[White "Arauz Alonso, Fernando"]
[Black "Longa Yauca, Javier"]
[Result "0-1"]
[WhiteElo "2123"]
[BlackElo "2288"]
[PlyCount "94"]
[EventDate "2011.08.23"]
[EventType "swiss"]
[EventRounds "9"]
[EventCountry "ESP"]
[SourceTitle "CBM 144 Extra"]
[Source "ChessBase"]
[SourceDate "2011.10.28"]
[SourceVersion "1"]
[SourceVersionDate "2011.10.28"]
[SourceQuality "1"]

1. d4 Nf6 2. c4 c5 3. Nf3 cxd4 4. Nxd4 Nc6 5. Nc3 g6 6. g3 Bg7 7. Bg2 0-0 8. Nc2 d6 9. Bd2 Bd7 10. 0-0 a6 11. Rc1 b5 12. cxb5 axb5 13. Nxb5 Rxa2 14. Bxc6 Bxc6 15. Nb4 Bxb5 16. Nxa2 Qa8 17. Nc3 Bd7 18. Re1 Rb8 19. Qc2 d5 20. Ra1 Qb7 21. Bf4 Rc8 22. Qd3 d4 23. Qxd4 Bh3 24. e4 Ng4 25. Qd2 g5 26. Bxg5 Ne5 27. Qe3 Bg4 28. Nd5 f6 29. Ra7 Qxb2 30. Nxe7+ Kh8 31. Bxf6 Bxf6 32. Nxc8 Nf3+ 33. Kg2 Bd4 34. Re2 Qb1 35. Qxf3 Bxf3+ 36. Kxf3 Qd3+ 37. Re3 Qd1+ 38. Kf4 Qh5 39. e5 Qxh2 40. e6 Qxf2+ 41. Rf3 Qd2+ 42. Kg4 Qe2 43. Re7 h5+ 44. Kg5 Qxf3 45. Re8+ Kh7 46. Re7+ Bg7 47. Nd6 Qg4# 0-1